How to draw the art of calligraphy (Record no. 233792)

MARC details
000 -LEADER
fixed length control field 00270pam a2200121 a 4500
020 ## - INTERNATIONAL STANDARD BOOK NUMBER
Terms of availability
041 ## - LANGUAGE CODE
Language code of original
100 ## - MAIN ENTRY--PERSONAL NAME
Personal name Arthur Newhal.
245 ## - TITLE STATEMENT
Title How to draw the art of calligraphy
Medium Textual Documents
250 ## - EDITION STATEMENT
Edition statement 1998.
260 ## - PUBLICATION, DISTRIBUTION, ETC.
Place of publication, distribution, etc. Pune:
Name of publisher, distributor, etc. walter foster.
930 ## - EQUIVALENCE OR CROSS-REFERENCE-UNIFORM TITLE HEADING [LOCAL, CANADA]
Uniform title 2
Holdings
Withdrawn status Lost status Damaged status Not for loan Home library Current library Date acquired Source of acquisition Cost, normal purchase price Total Checkouts Full call number Barcode Date last seen Copy number Price effective from Koha item type
        College of Fine Arts, Pune College of Fine Arts, Pune 10/07/2013 m/s Unicate publishers 300.00   FAP-0002 07/03/2023 1 07/03/2023 Book